Privatization and Corporate Control in the Czech Republic

Titel: Privatization and Corporate Control in the Czech Republic
Verfasser:
Veröffentlicht: Cheltenham : Edward Elgar, 2000
Umfang: XX, 322 S. : Abb., Tab.
Format: Buch
Sprache: Englisch
Schriftenreihe/
mehrbändiges Werk:
Studies in Comparative Economic Systems
ISBN: 1840644117
Buchumschlag
X
alg: 39537398
001A    $01999:12-11-16 
001B    $01999:30-09-22 $t18:37:37.000 
001D    $01999:12-11-16 
001U    $0utf8 
001X    $00 
002@    $0Aax 
003@    $0395373980 
004A    $01-84064-411-7 
007A    $0395373980 $aHEB 
007T    $0Herd43362 
010@    $aeng 
011@    $a2000 
021A    $aPrivatization and Corporate Control in the Czech Republic 
028A    $D20220215 $Ecgwrk $712478948X $8Schütte, Clemens [Tp3] $9155405160 
033A    $pCheltenham $nEdward Elgar 
034D    $aXX, 322 S. 
034M    $aAbb., Tab. 
036G    $aStudies in Comparative Economic Systems 
039U    $8--Aox--Myant, Martin. Schütte, Clemens. Privatization and Corporate Control in the Czech Republic. - Cheltenham : Edward Elgar. -  2000 [Rezension], 2001 $9395042348 
045F    $a330.094371 $eDDC23BSB 
045F/01 $a330.09 
045F/03 $g4371 

lok: 39537398 78

exp: 39537398 78 1 #EPN
201B/01 $026-11-17 $t04:32:22.000 
201U/01 $0utf8 
203@/01 $0791820440 
208@/01 $a12-11-16 $be 
209A/01 $a/ $f000 $x00 
220C/01 $aTitelaufnehmer: cs;rb 
244Z/01 $#Tschechien $#Tschechische Republik $#Tschechische Republik $#Tschechenland $#Tschechei Tschechien $#Česká Republika $#Czech Republic $#ČR $74303381-7 $8--Tg1--Tschechien $x01 $9086659812 
244Z/01 $2Trx $#Böhmen $#Bohemia $#Czechy $8--Trx--Čechy $x02 $9391188941 
244Z/01 $aGeschichte 1990-1998 $x03 
244Z/01 $2Trx $#privatiseerimised $#privatizacija $#privatizations $#magánosítás $#prywatyzacja $#privatizácia $#privatizace $8--Trx--Privatisierungen $x04 $9391368885 
244Z/01 $2Trx $#firmad $#įmonės $#companies $#cégek $#przedsiębiorstwa $#firmy $#dějiny podniků $#Unternehmen $#podniky $8--Trx--Firmen $x05 $9391368273 
244Z/01 $2Trx $8--Trx--Monographie $x06 $9391384546 
245Z/01 $a09.04 $x01 
247C/01 $82080>Marburg/Lahn, Herder-Institut, Forschungsbibliothek, Bibliographieportal $9336309341
LEADER 00000cam a22000002c 4500
001 395373980
003 DE-603
005 20220930183737.0
007 tu
008 161112s2000 xx |||| | u00||u|eng c
020 |a 1840644117 
035 |a (DE-599)HEB395373980 
040 |a DE-603  |b ger  |c DE-603  |d DE-603 
041 |a eng 
082 0 4 |8 1\u  |a 330.094371  |q DE-101  |2 23/BSB 
085 |8 1\u  |b 330.09 
085 |8 1\u  |z 2  |s 4371 
100 1 |a Schütte, Clemens  |0 (DE-603)155405160  |0 (DE-588)12478948X  |2 gnd 
245 0 0 |a Privatization and Corporate Control in the Czech Republic 
264 1 |a Cheltenham  |b Edward Elgar  |c 2000 
300 |a XX, 322 S.  |b Abb., Tab. 
490 0 |a Studies in Comparative Economic Systems 
787 0 8 |i Rezensiert in  |a Myant, Martin  |t Schütte, Clemens. Privatization and Corporate Control in the Czech Republic. - Cheltenham : Edward Elgar. - 2000 [Rezension]  |w (DE-603)395042348 
924 0 |9 2080  |a (DE-603)791820440  |b DE-2080  |c HES  |d d  |g /